header

The Japanese in war and peace, 1942-48 (Record no. 12880)

MARC details
000 -LEADER
fixed length control field 01463nam a2200349Ia 4500
100 1# - MAIN ENTRY--AUTHOR NAME
Personal name Nish, Ian Hill.
245 14 - TITLE STATEMENT
Title The Japanese in war and peace, 1942-48
260 ## - PUBLICATION, DISTRIBUTION, ETC. (IMPRINT)
Place of publication Folkestone :
Name of publisher Global Oriental,
Year of publication 2011.
300 ## - PHYSICAL DESCRIPTION
Number of Pages xii, 454 p. :
Other physical details ill., maps.
650 #0 - SUBJECT ADDED ENTRY--TOPICAL TERM
Topical Term Public opinion
856 40 - ELECTRONIC LOCATION AND ACCESS
Uniform Resource Identifier http://site.ebrary.com/lib/rucke/Doc?id=10684568

No items available.

© 2026 Rongo University
Contact us: librarian | system librarian | Rongo university